| 000 | 00751 a2200193 4500 | ||
|---|---|---|---|
| 999 |
_c7986 _d7986 |
||
| 020 | _a9780415878289 (hardback) | ||
| 020 | _a9780415997232 (pbk.) | ||
| 050 | 0 | 0 | _aML 74.3 HOS 2012 |
| 100 | 1 |
_aHosken, Daniel W. _eauthor |
|
| 245 | 1 | 0 |
_aMusic technology and the project studio : _bsynthesis and sampling / _cDan Hosken. |
| 264 |
_aNew York : _bRoutledge _c2012 |
||
| 300 |
_axxii, 250 p. : _bill. ; |
||
| 500 | _aIncludes bibliographical references (p. [240]-242) and index. | ||
| 504 | _aIncludes bibliographical references (p. [240]-242) and index. | ||
| 650 | 0 | _aSoftware synthesizers. | |
| 650 | 0 | _aSoftware samplers. | |
| 942 |
_2lcc _cBK _h 74.3 _iHOS _kML |
||